5 Sports les plus populaires en France - Statistiques

Statistiques générales
  • Ce quiz a été pris 239 fois
  • Le résultat moyen est 2 sur 5
Statistiques - réponses
rang sportive % Correct
2 Tennis
78%
4 Basketball
75%
1 le football
46%
3 Équitation
41%
5 Judo-jujitsu
0%
Aucun quiz correspondant
Distribution des résultats
% des personnes avec chaque résultat
Percentile par nombre de réponses
Votre historique - résultats
Vous n’avez pas pris ce quiz